| 000 | 01162nam0a2200349 4500 | ||
|---|---|---|---|
| 001 | RU\NLR\BIBL_A\010023084 | ||
| 005 | 20260405160301.0 | ||
| 010 |
_a978-5-17-079808-7 _96000 |
||
| 021 |
_aRU _b2013-95151 _96597 |
||
| 035 | _a(NLR Aleph) 010023084 | ||
| 035 | _a(NILC)RuMoRGB-006703094 | ||
| 090 |
_a9911585 _c9911585 |
||
| 100 | _a20140120d2013 u y0rusy50 ca | ||
| 101 | 1 |
_arus _ceng |
|
| 102 | _aRU | ||
| 105 | _aa|||z|||0o0ay | ||
| 200 | 1 |
_aГрегор и проклятие теплокровных _e[роман] _fСьюзен Коллинз _g[пер. с англ. Марины Тогобецкой] |
|
| 210 |
_aМосква _cАСТ _d2013 |
||
| 215 |
_a415 с. _cил. _d21 |
||
| 225 | 1 | _aХроники Подземья | |
| 333 | _a8+ | ||
| 675 | _a821.111(73)-93 | ||
| 686 | 1 | _aШ6(7США)67-445(Лх1979-62) | |
| 700 | 1 |
_7ca _8rus _aКоллинз _bС. _f1962- _gСьюзен _949878 _3RU\NLR\AUTH\7766950 |
|
| 801 | 0 |
_aRU _bRuMoRKP _c20131128 _gRCR |
|
| 801 | 2 |
_aRU _bРГБ _c20131206 _grcr |
|
| 942 | _cBOOK | ||
| 980 | _aNBR | ||
| 980 | _aNB | ||